000 00735nam a2200241Ia 4500
001 18427
003 GE_BSU
008 181216s||||||||xx |||||||||||||| ||und||
020 _a9780446678797
040 _cGE_BSU
080 _a331(73)
100 _aPink,Daniel H.
245 _aFree Agent Nation
245 4 _bThe Future of Working for Yo urself
260 _aNew York
260 _bBisiness Plus
260 _c2002
300 _a386p. 23cm.
653 _aFree Agent Nation : The Future of Working for Yourself
653 _aშრომა. დასაქმება. სამუშაო.
653 _aშრომის ეკონომიკა. შრომის ორგანიზაცია
942 _cBK
999 _c51441
_d51441